Producción de Biogás a partir del extracto del follaje de la planta del Marango (Moringa oleífera l.) utilizando un digestor UASB a escala piloto

Determina el potencial de producción de biogás que tiene extracto del follaje de marango (Moringa Oleífera l) al ser sometido a digestión anaerobia para tal fin se hicieron ensayos en paralelo en dos digestores de tipo UASB (Upflow Anaerobic Sludge Blanket) de 82 litros de volumen útil, aliment...

Full description

Bibliographic Details
Main Authors: Alejo Ñurinda, Ivania del Carmen, Vega González, Manuel Antonio
Other Authors: Tutor: Foidl, Gabriele
Format: Tesis Section = Libro
Language:Undetermined
Spanish
Published: Managua UNI 2007
Subjects:
LEADER 01299nam a2200253Ia 4500
008 240830s9999 xx 000 0 und d
040 |a BIBLIOTECA-RUSB/ Mon 660 A366 
041 |a spa 
082 |a Mon 660 A366 
100 1 |a Alejo Ñurinda, Ivania del Carmen 
100 1 |b Vega González, Manuel Antonio 
245 1 0 |a Producción de Biogás a partir del extracto del follaje de la planta del Marango (Moringa oleífera l.) utilizando un digestor UASB a escala piloto 
260 |a Managua  |b UNI  |c 2007 
300 |a 127 p. :il. 
502 |a Tesis (Ingeniero Químico) - UNI, 2007. 
520 3 |a Determina el potencial de producción de biogás que tiene extracto del follaje de marango (Moringa Oleífera l) al ser sometido a digestión anaerobia para tal fin se hicieron ensayos en paralelo en dos digestores de tipo UASB (Upflow Anaerobic Sludge Blanket) de 82 litros de volumen útil, alimentados uno de ellos con extracto de marango bruto (digestor A) y otro con extracto previamente floculado (digestor B.). 
650 7 |a INGENIERIA QUIMICA - PRODUCCION DE BIOGAS 
650 7 |b  TECNOLOGIA DEL BIOGA 
650 7 |c  OBTECCION DE BIOGAS - DESECHOS ORGANICOS 
650 7 |d  DIGESTION ANAEROBIA 
700 1 |a Tutor:  |b Foidl, Gabriele 
942 |c BK  |2 ddc 
991 |a TESIS 
999 |c 20618